000 01672 a2200241 4500
005 20240305103209.0
008 240123c2023 sp|fr|p|o|||| 00| 0 spa d
040 _aUPN
_bspa
_cUPN
_eaacr2
100 1 _aKasnik, Jan
_950859
245 1 3 _aEl activismo gay en la Ciudad de México. ¿Qué perspectivas para el militantismo gay en una sociedad líquida, normalizadora, digitalizada y pandémica?
_h[recurso electrónico en línea]
506 0 _aAcceso abierto
520 3 _aEste artículo parte de mi investigación de maestría sobre la evolución de los significados del activismo gay en la Ciudad de México con los usos de las redes sociales como Facebook por los hombres gays capitalinos y la pandemia de COVID-19. Se discuten los retos metodológicos implicados por el hecho de hacer una investigación social en tiempos de pandemia, antes de reflexionar sobre las perspectivas del activismo gay a partir del estudio de caso de la marcha del orgullo en la capital mexicana. Mi estudio cualitativo sugiere que el ecosistema activista gay mexicano se vuelve cada vez más híbrido y complejo, de acuerdo con las evoluciones más globales de nuestras sociedades -hasta cierto punto- líquidas.
650 2 _921805
_aFacebook (recurso electrónico)
650 0 _948104
_aCOVID-19 (Enfermedad)
653 _aActivismo gay
653 _aCiudad de México
653 _aEcosistema digital
773 0 _x2605-1982
_tComunicación y género
_gVol. 6, no. 1 (2023), p. 27-37
856 4 _uhttps://revistas.ucm.es/index.php/CGEN/article/view/82268/4564456566081
856 4 _uhttps://dx.doi.org/10.5209/cgen.82268
902 _aGloria Jiménez/230124
942 _cART-E
999 _c210810
_d210810